Liberation and Ethics (Record no. 10798)

MARC details
000 -LEADER
fixed length control field 00625nam a2200229 a 4500
020 ## - INTERNATIONAL STANDARD BOOK NUMBER
ISBN
082 00 - DEWEY DECIMAL CLASSIFICATION NUMBER
Classification number 230.046
Author Cutter AMJ
100 ## - MAIN ENTRY--AUTHOR NAME
Author name Amjad Ali, Charles
245 ## - TITLE STATEMENT
Title Liberation and Ethics
Sub title Essays in Religious Social Ethics in Honor of Gibson
260 ## - PUBLICATION, DISTRIBUTION, ETC. (IMPRINT)
Place of publication Chicago
Name of publisher Centre Forthe Scientific Study of Religi
Year of publication 1985
300 ## - PHYSICAL DESCRIPTION
Number of Pages 233p
500 ## - GENERAL NOTE
General note includes index and biblioraphy
505 2# - FORMATTED CONTENTS NOTE
Formatted contents note Jindex
650 ## - SUBJECT ADDED ENTRY--TOPICAL TERM
Topical Term Liberation-Theology
942 ## - ADDED ENTRY ELEMENTS (KOHA)
Koha item type Books
Holdings
Collection code Home library Current library Date acquired Cost, normal purchase price Full call number Accession Number Koha item type
  Henry Martyn Institute Library Henry Martyn Institute Library 06/13/2007 100.00 230.046 AMJ 015136 Books
                   Copyright © 2026 | Henry Martyn Institute | Hyderabad | TS-500052 | INDIA | Implemented by hmi.edu.in
Hit-Count:

Powered by Koha